Partial Differential Equations: An Introduction (Record no. 142473)

MARC details
000 -LEADER
fixed length control field 00403nam a2200157Ia 4500
008 - FIXED-LENGTH DATA ELEMENTS--GENERAL INFORMATION
fixed length control field 230917s9999||||xx |||||||||||||| ||und||
040 ## - CATALOGING SOURCE
-- 122499
Original cataloging agency VIVEKANANDA LIBRARY
041 ## - Language
-- English
082 ## - DDC NUMBER
Classification number 515.353 S82P
100 ## - MAIN ENTRY--PERSONAL NAME
Personal name Strauss, Walter A.
245 #0 - TITLE STATEMENT
Title Partial Differential Equations: An Introduction
250 ## - EDITION STATEMENT
Edition statement 2nd ed.
260 ## - PUBLICATION, DISTRIBUTION, ETC. (IMPRINT)
Place of publication, distribution, etc New Jersey
Name of publisher, distributor, etc John Wiley
Date of publication, distribution, etc 2008
300 ## - PHYSICAL DESCRIPTION
Pages 454p p.
942 ## - ADDED ENTRY ELEMENTS (KOHA)
Koha item type Books
Holdings
Withdrawn status Lost status Damaged status Not for loan Location (home branch) Sublocation or collection (holding branch) Date acquired Koha issues (times borrowed) Koha full call number Accession No. Koha date last seen Koha item type
        VIVEKANANDA LIBRARY VIVEKANANDA LIBRARY 19/03/2009   515.353 S82P 252501 17/09/2023 Books
© Designed and Maintained by Vivekananda Library, MDU Rohtak